000 01426nam a2200349 a 4500
999 _c529496
_d529496
001 1463278
003 NUST
005 20190926153959.0
008 860911s1986 dcua b 000 0 eng
010 _a 86051174
020 _a0309044065 (pbk.) :
_c$8.40
038 _aMSOHAIL
040 _aDLC
_cDLC
_dDLC
050 0 0 _aHE369
_b.F68 1986
082 0 0 _a388.314072
_219
100 1 _aFrench, Alexander.
_921671
245 1 0 _aTraffic data collection and analysis :
_bmethods and procedures /
_cAlexander French and David Solomon.
260 _aWashington, D.C. :
_bTransportation Research Board, National Research Council,
_c[1986]
300 _a58 p. :
_bill. ;
_c28 cm.
440 0 _aSynthesis of highway practice,
_x0547-5570 ;
_v130
_921672
500 _a"Research sponsored by the American Association of State Highway and Transportation Officials in cooperation with the Federal Highway Administration."
500 _a"December 1986."
504 _aBibliography: p. 43-45.
650 0 _aTraffic surveys
_xData processing.
_921673
650 0 _aTraffic surveys
_xEquipment and supplies.
_921674
700 1 _aSolomon, David.
_921675
710 2 _aAmerican Association of State Highway and Transportation Officials.
_919553
710 1 _aUnited States.
_bFederal Highway Administration.
_920149
906 _a7
_bcbc
_corignew
_d3
_eocip
_f19
_gy-gencatlg
942 _2ddc
_cBK